[Event "FIN-ch rapid"]
[Site "Helsinki"]
[Date "2019.08.24"]
[Round "9"]
[White "Kekki, Jorma J"]
[Black "Hakkinen, Aleksandr"]
[Result "1/2-1/2"]
[WhiteElo "1971"]
[BlackElo "1609"]
[PlyCount "40"]
[EventDate "2019.08.24"]
[EventType "swiss (rapid)"]
[EventRounds "9"]
[EventCountry "FIN"]
[SourceTitle "EXT 2020"]
[Source "ChessBase"]
[SourceDate "2019.10.17"]
[SourceVersion "1"]
[SourceVersionDate "2019.10.17"]
[SourceQuality "1"]

1. Nf3 d5 2. b3 Nf6 3. Bb2 Bf5 4. e3 e6 5. Be2 c6 6. 0-0 Bd6 7. d3 Qe7 8. c4 Nbd7 9. Nc3 h5 10. Qd2 h4 11. Rae1 e5 12. cxd5 cxd5 13. Bd1 e4 14. dxe4 dxe4 15. Nd4 Qe5 16. f4 exf3 17. Nxf3 Qe7 18. Nd5 Nxd5 19. Qxd5 Be4 20. Qd2 Rh7 1/2-1/2

[Event "FIN-ch rapid"]
[Site "Helsinki"]
[Date "2019.08.24"]
[Round "1"]
[White "Kekki, Jorma J"]
[Black "Lindstrem, Timur"]
[Result "1-0"]
[WhiteElo "1971"]
[BlackElo "1390"]
[PlyCount "85"]
[EventDate "2019.08.24"]
[EventType "swiss (rapid)"]
[EventRounds "9"]
[EventCountry "FIN"]
[SourceTitle "EXT 2020"]
[Source "ChessBase"]
[SourceDate "2019.10.17"]
[SourceVersion "1"]
[SourceVersionDate "2019.10.17"]
[SourceQuality "1"]

1. Nf3 Nf6 2. b3 Nc6 3. Bb2 d6 4. d4 Bf5 5. g3 e6 6. Bg2 d5 7. 0-0 Bd6 8. c4 0-0 9. Nc3 a6 10. Nh4 Bg6 11. cxd5 Nxd5 12. Nxd5 exd5 13. Nxg6 fxg6 14. Bxd5+ Kh8 15. Bxc6 bxc6 16. Qc2 Qd7 17. Rac1 Rae8 18. e3 Qg4 19. Qxc6 Qe2 20. Rc2 Qd3 21. Qc4 Qf5 22. Rd2 Qg5 23. Qe2 h6 24. Bc1 Kh7 25. Qxa6 Rf3 26. Qe2 Ref8 27. Rdd1 Qh5 28. Qc2 Qh3 29. e4 Bxg3 30. hxg3 Ra8 31. Rd3 Ra5 32. d5 Rxd3 33. Qxd3 Rxa2 34. Qc3 Re2 35. Re1 Rxf2 36. Kxf2 Qh2+ 37. Kf3 Qh5+ 38. Ke3 Qg5+ 39. Kd4 Qf6+ 40. Kd3 Qf3+ 41. Kc2 Qf2+ 42. Kb1 Qb6 43. Bb2 1-0

[Event "Helsinki-chA"]
[Site "Helsinki"]
[Date "2019.01.02"]
[Round "4"]
[White "Kekki, Jorma J"]
[Black "Kauppala, Pekka"]
[Result "0-1"]
[WhiteElo "2000"]
[BlackElo "2063"]
[PlyCount "82"]
[EventDate "2018.12.29"]
[EventType "tourn"]
[EventRounds "7"]
[EventCountry "FIN"]
[SourceTitle "EXT 2021"]
[Source "ChessBase"]
[SourceDate "2020.10.23"]
[SourceVersion "1"]
[SourceVersionDate "2020.10.23"]
[SourceQuality "1"]

1. c4 g6 2. g3 Bg7 3. Bg2 e5 4. Nc3 Ne7 5. e3 Nbc6 6. Nge2 d6 7. d4 exd4 8. Nxd4 Nxd4 9. exd4 Nf5 10. Ne2 Qf6 11. 0-0 0-0 12. d5 Nd4 13. Nxd4 Qxd4 14. Qxd4 Bxd4 15. Be4 Re8 16. Bd3 Bh3 17. Rd1 Bg4 18. Rf1 Bh3 19. Rd1 Bg4 20. Rf1 Be2 21. Bxe2 Rxe2 22. Rb1 Kg7 23. a4 Rae8 24. b3 Rc2 25. Be3 Bxe3 26. fxe3 Rxe3 27. Rf2 Ree2 28. Rxe2 Rxe2 29. b4 Kf6 30. a5 Ke5 31. b5 Kd4 32. Rf1 f5 33. g4 Ke4 34. c5 dxc5 35. b6 axb6 36. axb6 cxb6 37. Rd1 Kf4 38. d6 Re8 39. Rb1 Rd8 40. Rxb6 Kxg4 41. Rxb7 Rxd6 0-1

[Event "FIN-chT2 Gp2 1819"]
[Site "Finland"]
[Date "2018.12.08"]
[Round "4.3"]
[White "Kekki, Jorma J"]
[Black "Peuhu, Ari"]
[Result "1/2-1/2"]
[WhiteElo "2052"]
[BlackElo "1966"]
[PlyCount "43"]
[EventDate "2018.09.15"]
[EventType "team-tourn"]
[EventRounds "6"]
[EventCountry "FIN"]
[SourceTitle "EXT 2020"]
[Source "ChessBase"]
[SourceDate "2019.10.17"]
[SourceVersion "1"]
[SourceVersionDate "2019.10.17"]
[SourceQuality "1"]
[WhiteTeam "Akaa"]
[BlackTeam "Hameenlinna II"]
[WhiteTeamCountry "FIN"]
[BlackTeamCountry "FIN"]

1. Nf3 Nf6 2. b3 g6 3. Bb2 Bg7 4. g3 0-0 5. Bg2 d5 6. c4 c6 7. 0-0 Qb6 8. cxd5 cxd5 9. d3 Nc6 10. Nbd2 Rd8 11. Ne5 Nxe5 12. Bxe5 Bf5 13. Qc2 Rac8 14. Qb2 Bg4 15. Rfe1 Ne8 16. h3 Bxe5 17. Qxe5 Qe6 18. Qxe6 Bxe6 19. Rec1 Nd6 20. a4 Rxc1+ 21. Rxc1 Rc8 22. Rxc8+ 1/2-1/2

[Event "Helsinki HSK op"]
[Site "Helsinki"]
[Date "2018.08.31"]
[Round "1"]
[White "Bederdin, Lauri"]
[Black "Kekki, Jorma J"]
[Result "1/2-1/2"]
[WhiteElo "2015"]
[BlackElo "2026"]
[PlyCount "20"]
[EventDate "2018.08.31"]
[EventType "swiss"]
[EventRounds "5"]
[EventCountry "FIN"]
[SourceTitle "EXT 2021"]
[Source "ChessBase"]
[SourceDate "2020.10.23"]
[SourceVersion "1"]
[SourceVersionDate "2020.10.23"]
[SourceQuality "1"]

1. Nf3 d5 2. d4 e6 3. c4 Nf6 4. g3 Bb4+ 5. Bd2 Be7 6. Qc2 0-0 7. Bg2 b6 8. cxd5 Nxd5 9. e4 Nb4 10. Qb3 a5 1/2-1/2

[Event "Helsinki HSL Summer op"]
[Site "Helsinki"]
[Date "2018.07.01"]
[Round "3"]
[White "Kekki, Jorma J"]
[Black "Tiitta, Sauli"]
[Result "0-1"]
[WhiteElo "2043"]
[BlackElo "2193"]
[PlyCount "118"]
[EventDate "2018.06.30"]
[EventType "swiss"]
[EventRounds "4"]
[EventCountry "FIN"]
[SourceTitle "EXT 2021"]
[Source "ChessBase"]
[SourceDate "2020.10.23"]
[SourceVersion "1"]
[SourceVersionDate "2020.10.23"]
[SourceQuality "1"]

1. d4 c5 2. c3 Nf6 3. g3 d5 4. Nf3 Nc6 5. Bg2 Bf5 6. Qb3 Na5 7. Qb5+ Bd7 8. Qd3 Nc6 9. 0-0 e6 10. Bg5 h6 11. Bxf6 Qxf6 12. Nbd2 cxd4 13. Nxd4 Nxd4 14. Qxd4 Qxd4 15. cxd4 Bb4 16. Nb3 Bb5 17. a3 Be7 18. Rfe1 Rc8 19. e4 dxe4 20. Bxe4 b6 21. Rac1 0-0 22. Rxc8 Rxc8 23. Rc1 Rxc1+ 24. Nxc1 Bf6 25. Bd3 Bxd3 26. Nxd3 Bxd4 27. a4 Kf8 28. b3 Ke8 29. Kf1 Kd7 30. Ke2 e5 31. f3 a5 32. g4 g6 33. Ne1 Kd6 34. Kd3 Kd5 35. Ng2 Bf2 36. h3 Bd4 37. Nh4 Kc5 38. Ng2 Kb4 39. Kc2 Bf2 40. h4 f6 41. h5 gxh5 42. gxh5 f5 43. Kb2 Kc5 44. Kc3 Kd5 45. Kd3 Ke6 46. Ke2 Bc5 47. f4 exf4 48. Nxf4+ Kf6 49. Nh3 Ke5 50. Kf3 Be7 51. Ke3 Bg5+ 52. Kd3 Bc1 53. Ng1 Ba3 54. Nf3+ Kf4 55. Nd4 Kg4 56. Ne6 Kxh5 57. Kc4 Bc1 58. b4 axb4 59. Kxb4 Kg4 0-1

[Event "FIN-chT1A 1718"]
[Site "Finland"]
[Date "2017.12.02"]
[Round "4.3"]
[White "Kekki, Jorma J"]
[Black "Laukkanen, Jere"]
[Result "1/2-1/2"]
[WhiteElo "2044"]
[BlackElo "2094"]
[PlyCount "24"]
[EventDate "2017.09.16"]
[EventType "team-tourn"]
[EventRounds "7"]
[EventCountry "FIN"]
[SourceTitle "EXT 2020"]
[Source "ChessBase"]
[SourceDate "2019.10.17"]
[SourceVersion "1"]
[SourceVersionDate "2019.10.17"]
[SourceQuality "1"]
[WhiteTeam "Akaa"]
[BlackTeam "Vaasa VSS"]
[WhiteTeamCountry "FIN"]
[BlackTeamCountry "FIN"]

1. Nf3 d5 2. b3 Bf5 3. Bb2 e6 4. e3 Nf6 5. Be2 h6 6. 0-0 Nbd7 7. c4 c6 8. Nc3 Bd6 9. d3 0-0 10. e4 Bh7 11. cxd5 exd5 12. exd5 cxd5 1/2-1/2

[Event "FIN-chT1A 1718"]
[Site "Finland"]
[Date "2017.09.17"]
[Round "2.3"]
[White "Torkkola, Henri"]
[Black "Kekki, Jorma J"]
[Result "1/2-1/2"]
[WhiteElo "2239"]
[BlackElo "2044"]
[PlyCount "67"]
[EventDate "2017.09.16"]
[EventType "team-tourn"]
[EventRounds "7"]
[EventCountry "FIN"]
[SourceTitle "EXT 2020"]
[Source "ChessBase"]
[SourceDate "2019.10.17"]
[SourceVersion "1"]
[SourceVersionDate "2019.10.17"]
[SourceQuality "1"]
[WhiteTeam "Sastamala VammSK"]
[BlackTeam "Akaa"]
[WhiteTeamCountry "FIN"]
[BlackTeamCountry "FIN"]

1. Nf3 d5 2. c4 e6 3. g3 Nf6 4. Bg2 Be7 5. 0-0 0-0 6. d4 b6 7. cxd5 Nxd5 8. e4 Nf6 9. Nc3 Bb7 10. Ne5 Nbd7 11. Bf4 Nxe5 12. Bxe5 Nd7 13. Bf4 Bg5 14. Qd2 Bxf4 15. Qxf4 c6 16. e5 Qe7 17. Rac1 Rab8 18. Ne4 c5 19. Rfd1 Bxe4 20. Bxe4 Rbd8 21. d5 exd5 22. Rxd5 Nb8 23. Re1 Rxd5 24. Bxd5 Na6 25. a3 Nc7 26. Ba2 Ne6 27. Bxe6 Qxe6 28. Rd1 h6 29. Rd6 Qe7 30. Qe4 Re8 31. Rd5 Rd8 32. f4 Rxd5 33. Qxd5 g6 34. Kf2 1/2-1/2

[Event "Tampere We TammerSh A"]
[Site "Tampere"]
[Date "2017.03.26"]
[Round "3"]
[White "Lindholm, Jere"]
[Black "Kekki, Jorma J"]
[Result "0-1"]
[WhiteElo "2032"]
[BlackElo "2059"]
[PlyCount "100"]
[EventDate "2017.03.25"]
[EventType "swiss"]
[EventRounds "4"]
[EventCountry "FIN"]
[SourceTitle "EXT 2022"]
[Source "ChessBase"]
[SourceDate "2021.10.06"]
[SourceVersion "1"]
[SourceVersionDate "2021.10.06"]
[SourceQuality "1"]

1. e4 g6 2. d4 Bg7 3. c4 c5 4. d5 e5 5. Nc3 d6 6. Nf3 f5 7. Be2 Nf6 8. Qc2 f4 9. g3 fxg3 10. hxg3 Na6 11. Bg5 Nc7 12. 0-0-0 h6 13. Bd2 g5 14. Nh2 g4 15. Rdf1 Qe7 16. f4 gxf3 17. Nxf3 Bg4 18. Nh4 Qd7 19. Bxg4 Nxg4 20. Nf5 h5 21. Bg5 Bf6 22. Qd2 0-0-0 23. Bxf6 Nxf6 24. Qg5 Rdf8 25. Rf3 Rhg8 26. Qh4 Rg4 27. Qh3 Nce8 28. Rhf1 Rh8 29. Ne3 Rg6 30. Qh4 Qd8 31. Ncd1 Rhg8 32. Kc2 Kc7 33. Kd3 Qe7 34. Nf2 Kb6 35. a3 Qd7 36. Nfd1 Qg7 37. b4 Ng4 38. Nf5 Qf6 39. Qh3 Qg5 40. Nc3 cxb4 41. axb4 a6 42. Qg2 Kc7 43. Qg1 Rf8 44. Na4 Kb8 45. Rb1 Nh6 46. c5 Nxf5 47. c6 Qxg3 48. Qxg3 Rxg3 49. Rbf1 Nf6 50. exf5 Rxf3+ 0-1

[Event "Tampere We TammerSh A"]
[Site "Tampere"]
[Date "2017.03.25"]
[Round "1"]
[White "Ristoja, Samu"]
[Black "Kekki, Jorma J"]
[Result "1-0"]
[WhiteElo "2187"]
[BlackElo "2059"]
[PlyCount "89"]
[EventDate "2017.03.25"]
[EventType "swiss"]
[EventRounds "4"]
[EventCountry "FIN"]
[SourceTitle "EXT 2022"]
[Source "ChessBase"]
[SourceDate "2021.10.06"]
[SourceVersion "1"]
[SourceVersionDate "2021.10.06"]
[SourceQuality "1"]

1. e4 e6 2. Nf3 d5 3. Nc3 dxe4 4. Nxe4 Nd7 5. d4 Ngf6 6. Nxf6+ Nxf6 7. Be3 Nd5 8. c4 Nxe3 9. fxe3 Bb4+ 10. Kf2 0-0 11. c5 c6 12. Bc4 Ba5 13. Rf1 Bc7 14. Kg1 Qe7 15. Qb3 b5 16. Be2 Bd7 17. a4 a6 18. Qc3 f6 19. e4 Rfd8 20. b4 Be8 21. Ra3 Bh5 22. Rfa1 Rac8 23. axb5 axb5 24. Bd1 Bb8 25. Bb3 Kh8 26. Re1 Bxf3 27. gxf3 Qe8 28. Ra2 Qd7 29. Rd1 Bf4 30. Kh1 Ra8 31. Rg2 Ra3 32. Qb2 Rda8 33. Rg4 Be3 34. d5 exd5 35. exd5 Qf5 36. dxc6 Qxf3+ 37. Qg2 Qxg2+ 38. Kxg2 h5 39. Rh4 g5 40. Re4 Bf4 41. Rxf4 gxf4 42. c7 f3+ 43. Kf2 Re8 44. Rd8 Ra8 45. Rxa8 1-0

[Event "Helsinki We HSK III Talviturnaus"]
[Site "Helsinki"]
[Date "2016.01.30"]
[Round "2"]
[White "Sjoman, Tapani"]
[Black "Kekki, Jorma J"]
[Result "1/2-1/2"]
[WhiteElo "1974"]
[BlackElo "2043"]
[PlyCount "46"]
[EventDate "2016.01.29"]
[EventType "swiss"]
[EventRounds "5"]
[EventCountry "FIN"]
[SourceTitle "EXT 2022"]
[Source "ChessBase"]
[SourceDate "2021.10.06"]
[SourceVersion "1"]
[SourceVersionDate "2021.10.06"]
[SourceQuality "1"]

1. c4 e6 2. g3 d5 3. Bg2 Nf6 4. Nf3 Be7 5. 0-0 0-0 6. d4 c6 7. b3 b5 8. Ba3 b4 9. Bb2 a5 10. Nbd2 Ba6 11. Re1 a4 12. e4 a3 13. Bc1 Nbd7 14. e5 Ne8 15. c5 g6 16. Nf1 Ng7 17. Ne3 f6 18. exf6 Bxf6 19. Ng4 Kh8 20. Bh6 Qe7 21. Qd2 Rab8 22. Nxf6 Qxf6 23. Ne5 Nxe5 1/2-1/2

[Event "Helsinki We HSK III Talviturnaus"]
[Site "Helsinki"]
[Date "2016.01.29"]
[Round "1"]
[White "Kekki, Jorma J"]
[Black "Keinanen, Toivo"]
[Result "0-1"]
[WhiteElo "2043"]
[BlackElo "2178"]
[PlyCount "116"]
[EventDate "2016.01.29"]
[EventType "swiss"]
[EventRounds "5"]
[EventCountry "FIN"]
[SourceTitle "EXT 2022"]
[Source "ChessBase"]
[SourceDate "2021.10.06"]
[SourceVersion "1"]
[SourceVersionDate "2021.10.06"]
[SourceQuality "1"]

1. Nf3 c5 2. e3 Nf6 3. d4 g6 4. Be2 Bg7 5. 0-0 0-0 6. b3 d5 7. Bb2 cxd4 8. Nxd4 Nc6 9. Nd2 Nxd4 10. Bxd4 b6 11. c4 Bb7 12. Bf3 Re8 13. cxd5 Bxd5 14. Bxd5 Qxd5 15. Nc4 Rad8 16. Qc2 b5 17. Ne5 Rc8 18. Qb2 a6 19. Rac1 Ne4 20. Nf3 Bxd4 21. Qxd4 Qxd4 22. Nxd4 Nc3 23. Rc2 e5 24. Ne2 Nxe2+ 25. Rxe2 e4 26. f3 exf3 27. gxf3 Rc3 28. Kf2 Rd8 29. Rb1 Kg7 30. Rbb2 Rd1 31. Rbd2 Rh1 32. Kg3 Rg1+ 33. Kf2 Rcc1 34. e4 Rgf1+ 35. Kg2 Rg1+ 36. Kf2 Rh1 37. Ke3 Rhf1 38. f4 Rc3+ 39. Kd4 Rcf3 40. Kc5 Rxf4 41. e5 Rc1+ 42. Kb6 Rc8 43. Kxa6 b4 44. Kb7 Re8 45. Kc7 g5 46. Rd8 Rxd8 47. Kxd8 g4 48. Ke7 h5 49. e6 fxe6 50. Kxe6 Kg6 51. Ke5 Kg5 52. Rc2 Rf1 53. Ke4 Kh4 54. Rc5 Rf2 55. Rb5 Rxh2 56. Kf4 Rxa2 57. Rxb4 Rf2+ 58. Ke3 Rf3+ 0-1

[Event "FIN-chT2 Gp4 1516"]
[Site "Finland"]
[Date "2016.01.09"]
[Round "5.3"]
[White "Kekki, Jorma J"]
[Black "Lehtosaari, Kalevi"]
[Result "1-0"]
[WhiteElo "2063"]
[BlackElo "1964"]
[PlyCount "87"]
[EventDate "2015.09.12"]
[EventType "team-tourn"]
[EventRounds "7"]
[EventCountry "FIN"]
[SourceTitle "EXT 2017"]
[Source "ChessBase"]
[SourceDate "2016.10.25"]
[SourceVersion "1"]
[SourceVersionDate "2016.10.25"]
[SourceQuality "1"]
[WhiteTeam "Tampere Tammer III"]
[BlackTeam "Eura SK"]
[WhiteTeamCountry "FIN"]
[BlackTeamCountry "FIN"]

1. Nf3 d5 2. b3 Nf6 3. Bb2 e6 4. g3 c5 5. Bg2 Be7 6. 0-0 0-0 7. e3 Nc6 8. d4 cxd4 9. exd4 Ne4 10. Nbd2 f5 11. c4 Bf6 12. Nxe4 fxe4 13. Ne5 Bxe5 14. dxe5 Nb4 15. Ba3 a5 16. Qd2 Rf5 17. Bxb4 axb4 18. Qd4 Qc7 19. cxd5 Qxe5 20. Qxe5 Rxe5 21. d6 Ra6 22. Rac1 Bd7 23. Rfd1 Rd5 24. Bxe4 Rdxd6 25. Bxb7 Rab6 26. Be4 g6 27. Rxd6 Rxd6 28. Rc4 Rb6 29. Kg2 Kf7 30. Kf3 Kf6 31. Ke3 e5 32. Rc7 Ke7 33. Ra7 Ke6 34. Bd3 Ke7 35. Bc4 h5 36. h4 Kd6 37. a4 bxa3 38. Rxa3 Bf5 39. Ra6 Rxa6 40. Bxa6 Bc2 41. Bd3 Bxb3 42. Bxg6 Bd1 43. f3 e4 44. Bxe4 1-0